К определению кинетических параметров процессов термического разложения твердых топлив по дериватограммам; Известия Томского политехнического института [Известия ТПИ]; Т. 259 : Химия и химическая технология

Bibliographic Details
Parent link:Известия Томского политехнического института [Известия ТПИ]/ Томский политехнический институт (ТПИ).— , 1944-1976
Т. 259 : Химия и химическая технология.— 1975.— [С. 65-67]
Main Author: Смольянинов С. И. Станислав Иванович
Other Authors: Лозбин В. И.
Summary:Заглавие с титульного листа
Электронная версия печатной публикации
Language:Russian
Published: 1975
Subjects:
Online Access:Черно-белая версия для предварительного просмотра
Цветная версия без потери качества
Format: Electronic Book Chapter
KOHA link:https://koha.lib.tpu.ru/cgi-bin/koha/opac-detail.pl?biblionumber=230663

MARC

LEADER 00000nla2a2200000 4500
001 230663
005 20231031202556.0
035 |a (RuTPU)RU\TPU\book\251574 
035 |a RU\TPU\book\251573 
090 |a 230663 
100 |a 20130123d1975 k y0rusy50 ca 
101 0 |a rus 
102 |a RU 
135 |a drnn ---uucaa 
181 0 |a i  
182 0 |a b 
200 1 |a К определению кинетических параметров процессов термического разложения твердых топлив по дериватограммам  |b Электронный ресурс  |f С. И. Смольянинов, В. И. Лозбин 
203 |a Текст  |c электронный 
215 |a 2 файла (95 Кб, 3.9 Мб) 
230 |a Электронные текстовые данные (2 файла : 95 Кб, 3.9 Мб) 
300 |a Заглавие с титульного листа 
300 |a Электронная версия печатной публикации 
320 |a [Библиогр.: с. 67 (7 назв.)] 
337 |a Adobe Reader 
461 1 |0 (RuTPU)RU\TPU\book\200995  |t Известия Томского политехнического института [Известия ТПИ]  |f Томский политехнический институт (ТПИ)  |d 1944-1976 
463 1 |0 (RuTPU)RU\TPU\book\251511  |t Т. 259 : Химия и химическая технология  |v [С. 65-67]  |d 1975  |p 84 с. 
610 1 |a электронный ресурс 
610 1 |a труды учёных ТПУ 
700 1 |a Смольянинов  |b С. И.  |c российский химик-технолог  |c профессор Томского политехнического университета  |f 1925-1991  |g Станислав Иванович  |2 stltpush  |3 (RuTPU)RU\TPU\pers\15849 
701 1 |a Лозбин  |b В. И. 
801 1 |a RU  |b 63413507  |c 20090320  |g PSBO 
801 2 |a RU  |b 63413507  |c 20130413  |g PSBO 
856 4 |u http://www.lib.tpu.ru/fulltext/v/Bulletin_TPU/1975/v259/24_bw.pdf  |z Черно-белая версия для предварительного просмотра 
856 4 |u http://www.lib.tpu.ru/fulltext/v/Bulletin_TPU/1975/v259/24_full.pdf  |z Цветная версия без потери качества 
942 |c CF